[Event "New Zealand Championship 2023"]
[Site "Wellington"]
[Date "2023.01.04"]
[Round "3.3"]
[White "Croad, Nicolas"]
[Black "Smith, Robert W"]
[Result "1/2-1/2"]
[WhiteElo "2442"]
[BlackElo "2283"]

1. d4 {[%clk 01:30:57] [%emt 00:00:02]} 1... d5 {[%clk 01:30:56] [%emt
00:00:04]} 2. c4 {[%clk 01:31:22] [%emt 00:00:06]} 2... c6 {[%clk 01:31:22]
[%emt 00:00:04]} 3. Nf3 {[%clk 01:31:47] [%emt 00:00:05]} 3... Nf6 {[%clk
01:31:44] [%emt 00:00:09]} 4. e3 {[%clk 01:32:06] [%emt 00:00:10]} 4... Bf5
{[%clk 01:22:53] [%emt 00:09:20]} 5. Nc3 {[%clk 01:32:25] [%emt 00:00:13]} 5...
e6 {[%clk 01:20:36] [%emt 00:02:46]} 6. Nh4 {[%clk 01:32:08] [%emt 00:00:47]}
6... Bg6 {[%clk 01:19:38] [%emt 00:01:27]} 7. Bd2 {[%clk 01:29:45] [%emt
00:02:53]} 7... Nbd7 {[%clk 01:18:16] [%emt 00:01:53]} 8. g3 {[%clk 01:20:06]
[%emt 00:10:10]} 8... Be7 {[%clk 01:16:21] [%emt 00:02:24]} 9. Nxg6 {[%clk
01:18:10] [%emt 00:02:26]} 9... hxg6 {[%clk 01:16:43] [%emt 00:00:08]} 10. Qb3
{[%clk 01:18:05] [%emt 00:00:35]} 10... Qb6 {[%clk 01:15:12] [%emt 00:02:01]}
11. Qc2 {[%clk 01:12:16] [%emt 00:06:19]} 11... O-O {[%clk 01:13:04] [%emt
00:02:38]} 12. c5 {[%clk 00:59:33] [%emt 00:13:13]} 12... Qc7 {[%clk 01:10:27]
[%emt 00:03:06]} 13. Be2 {[%clk 00:59:24] [%emt 00:00:40]} 13... b6 {[%clk
01:06:14] [%emt 00:04:44]} 14. b4 {[%clk 00:57:42] [%emt 00:02:11]} 14... bxc5
{[%clk 01:04:00] [%emt 00:02:44]} 15. bxc5 {[%clk 00:58:01] [%emt 00:00:11]}
15... e5 {[%clk 01:03:35] [%emt 00:00:55]} 16. O-O {[%clk 00:56:37] [%emt
00:01:53]} 16... Rfe8 {[%clk 01:02:26] [%emt 00:01:38]} 17. Rab1 {[%clk
00:54:40] [%emt 00:02:28]} 17... Rab8 {[%clk 01:02:00] [%emt 00:00:57]} 18. Qa4
{[%clk 00:44:29] [%emt 00:10:40]} 18... Rxb1 {[%clk 00:54:20] [%emt 00:08:10]}
19. Rxb1 {[%clk 00:44:52] [%emt 00:00:07]} 19... Rb8 {[%clk 00:54:32] [%emt
00:00:17]} 20. Rb3 {[%clk 00:40:50] [%emt 00:04:33]} 20... Rxb3 {[%clk
00:45:43] [%emt 00:09:20]} 21. axb3 {[%clk 00:40:32] [%emt 00:00:48]} 21... a5
{[%clk 00:46:02] [%emt 00:00:10]} 22. Na2 {[%clk 00:36:58] [%emt 00:04:04]}
22... Bd8 {[%clk 00:46:16] [%emt 00:00:16]} 23. Kg2 {[%clk 00:35:41] [%emt
00:01:46]} 23... Ne4 {[%clk 00:44:19] [%emt 00:02:28]} 24. Be1 {[%clk 00:35:53]
[%emt 00:00:18]} 24... Nf8 {[%clk 00:41:18] [%emt 00:03:31]} 25. f3 {[%clk
00:25:06] [%emt 00:11:18]} 25... Ng5 {[%clk 00:39:48] [%emt 00:01:59]} 26. b4
{[%clk 00:23:19] [%emt 00:02:17]} 26... axb4 {[%clk 00:38:17] [%emt 00:02:02]}
27. Nxb4 {[%clk 00:23:34] [%emt 00:00:15]} 27... exd4 {[%clk 00:38:43] [%emt
00:00:04]} 28. exd4 {[%clk 00:21:57] [%emt 00:02:06]} 28... Qe7 {[%clk
00:35:52] [%emt 00:03:20]} 29. Qd1 {[%clk 00:20:26] [%emt 00:02:03]} 29... Qe6
{[%clk 00:33:47] [%emt 00:02:33]} 30. h4 {[%clk 00:19:05] [%emt 00:01:51]}
30... Ngh7 {[%clk 00:34:01] [%emt 00:00:17]} 31. Bd3 {[%clk 00:16:55] [%emt
00:02:40]} 31... Ba5 {[%clk 00:27:36] [%emt 00:06:54]} 32. Nc2 {[%clk 00:13:22]
[%emt 00:04:04]} 32... Bxe1 {[%clk 00:27:44] [%emt 00:00:22]} 33. Qxe1 {[%clk
00:13:22] [%emt 00:00:30]} 33... Qxe1 {[%clk 00:27:55] [%emt 00:00:19]} 34.
Nxe1 {[%clk 00:13:49] [%emt 00:00:03]} 34... Ne6 {[%clk 00:28:16] [%emt
00:00:09]} 35. Nc2 {[%clk 00:14:15] [%emt 00:00:04]} 35... Nf6 {[%clk 00:27:45]
[%emt 00:01:01]} 36. Ba6 {[%clk 00:13:20] [%emt 00:01:25]} 36... Kf8 {[%clk
00:27:56] [%emt 00:00:20]} 37. Kf2 {[%clk 00:12:29] [%emt 00:01:20]} 37... Ke7
{[%clk 00:28:12] [%emt 00:00:13]} 38. Bc8 {[%clk 00:11:12] [%emt 00:01:47]}
38... Nd7 {[%clk 00:27:38] [%emt 00:01:04]} 39. Ke3 {[%clk 00:10:44] [%emt
00:00:57]} 39... Kd8 {[%clk 00:27:56] [%emt 00:00:11]} 40. Ba6 {[%clk 00:39:28]
[%emt 00:01:47]} 40... Nf6 {[%clk 00:56:59] [%emt 00:01:27]} 41. g4 {[%clk
00:37:04] [%emt 00:02:55]} 41... g5 {[%clk 00:51:02] [%emt 00:06:27]} 42. hxg5
{[%clk 00:32:06] [%emt 00:05:28]} 42... Nxg5 {[%clk 00:51:25] [%emt 00:00:07]}
43. Bd3 {[%clk 00:31:54] [%emt 00:00:42]} 43... Kc7 {[%clk 00:50:01] [%emt
00:01:52]} 44. Nb4 {[%clk 00:31:55] [%emt 00:00:29]} 44... g6 {[%clk 00:47:37]
[%emt 00:02:54]} 45. Bc2 {[%clk 00:31:51] [%emt 00:00:34]} 45... Nd7 {[%clk
00:42:48] [%emt 00:05:18]} 46. Ba4 {[%clk 00:30:22] [%emt 00:02:00]} 46... Nb8
{[%clk 00:43:13] [%emt 00:00:05]} 47. Nd3 {[%clk 00:28:02] [%emt 00:02:50]}
47... Nd7 {[%clk 00:41:43] [%emt 00:01:59]} 48. Nf4 {[%clk 00:22:54] [%emt
00:05:38]} 48... Nf8 {[%clk 00:40:49] [%emt 00:01:24]} 49. Bc2 {[%clk 00:22:23]
[%emt 00:01:01]} 49... Nge6 {[%clk 00:39:13] [%emt 00:02:05]} 50. Nd3 {[%clk
00:19:27] [%emt 00:03:27]} 50... f6 {[%clk 00:29:22] [%emt 00:10:21]} 51. f4
{[%clk 00:18:24] [%emt 00:01:33]} 51... Nd7 {[%clk 00:28:38] [%emt 00:01:13]}
52. Ne1 {[%clk 00:17:25] [%emt 00:01:30]} 52... g5 {[%clk 00:27:59] [%emt
00:01:09]} 53. fxg5 {[%clk 00:17:26] [%emt 00:00:30]} 53... fxg5 {[%clk
00:28:21] [%emt 00:00:07]} 54. Nf3 {[%clk 00:17:24] [%emt 00:00:31]} 54... Ndf8
{[%clk 00:26:47] [%emt 00:02:04]} 55. Bf5 {[%clk 00:16:54] [%emt 00:01:00]}
55... Kb7 {[%clk 00:25:42] [%emt 00:01:36]} 56. Kd2 {[%clk 00:17:18] [%emt
00:00:06]} 56... Ka6 {[%clk 00:24:32] [%emt 00:01:39]} 57. Kc3 {[%clk 00:17:34]
[%emt 00:00:14]} 57... Kb7 {[%clk 00:22:55] [%emt 00:02:07]} 58. Kb4 {[%clk
00:17:25] [%emt 00:00:39]} 58... Ka6 {[%clk 00:23:08] [%emt 00:00:16]} 59. Ka4
{[%clk 00:17:39] [%emt 00:00:18]} 59... Kb7 {[%clk 00:23:14] [%emt 00:00:23]}
60. Ka5 {[%clk 00:17:29] [%emt 00:00:40]} 60... Ka7 {[%clk 00:23:39] [%emt
00:00:05]} 61. Bc2 {[%clk 00:16:00] [%emt 00:01:59]} 61... Kb7 {[%clk 00:21:26]
[%emt 00:02:43]} 62. Bd3 {[%emt 00:01:32]} 62... Nd7 {[%clk 00:20:49]} 63. Bc2
{[%clk 00:12:54] [%emt 00:03:42]} 63... Ka7 {[%clk 00:20:47] [%emt 00:00:31]}
64. Kb4 {[%clk 00:12:29] [%emt 00:00:55]} 64... Kb7 {[%clk 00:20:39] [%emt
00:00:38]} 65. Bg6 {[%clk 00:11:24] [%emt 00:01:36]} 65... Ndf8 {[%clk
00:19:01] [%emt 00:02:08]} 66. Bf7 {[%clk 00:10:53] [%emt 00:01:01]} 66... Ka7
{[%clk 00:18:55] [%emt 00:00:36]} 67. Kc3 {[%clk 00:09:51] [%emt 00:01:32]}
67... Kb7 {[%clk 00:19:19] [%emt 00:00:06]} 68. Ne5 {[%clk 00:09:12] [%emt
00:01:08]} 68... Kc7 {[%clk 00:17:17] [%emt 00:02:32]} 69. Be8 {[%clk 00:08:13]
[%emt 00:01:29]} 69... Nd8 {[%clk 00:17:42] [%emt 00:00:06]} 70. Kb4 {[%clk
00:07:21] [%emt 00:01:23]} 70... Nfe6 {[%clk 00:17:04] [%emt 00:01:07]} 71. Nf3
{[%clk 00:07:08] [%emt 00:00:43]} 71... Kb7 {[%clk 00:17:00] [%emt 00:00:33]}
72. Kc3 {[%clk 00:05:41] [%emt 00:01:58]} 72... Kc7 {[%clk 00:17:09] [%emt
00:00:20]} 73. Ne5 {[%clk 00:05:05] [%emt 00:01:07]} 73... Nf8 {[%clk 00:16:25]
[%emt 00:01:13]} 74. Kd2 {[%clk 00:04:28] [%emt 00:01:08]} 74... Nfe6 {[%clk
00:16:16] [%emt 00:00:39]} 75. Ke3 {[%clk 00:03:44] [%emt 00:01:15]} 75... Nf8
{[%clk 00:16:39] [%emt 00:00:07]} 76. Nf3 {[%clk 00:03:51] [%emt 00:00:26]}
76... Nfe6 {[%clk 00:17:01] [%emt 00:00:04]} 77. Bg6 {[%clk 00:04:07] [%emt
00:00:15]} 77... Kb7 {[%clk 00:16:56] [%emt 00:00:34]} 78. Be8 {[%clk 00:02:01]
[%emt 00:02:36]} 78... Kc7 {[%clk 00:17:11] [%emt 00:00:15]} 79. Nd2 {[%clk
00:02:12] [%emt 00:00:19]} 79... Ng7 {[%clk 00:16:12] [%emt 00:01:29]} 80. Bg6
{[%clk 00:02:31] [%emt 00:00:11]} 80... Nge6 {[%clk 00:16:14] [%emt 00:00:28]}
81. Nf1 {[%clk 00:02:26] [%emt 00:00:35]} 81... Nf4 {[%clk 00:07:57] [%emt
00:08:47]} 82. Bf5 {[%clk 00:02:38] [%emt 00:00:17]} 82... Nf7 {[%clk 00:07:33]
[%emt 00:00:55]} 83. Nh2 {[%clk 00:02:40] [%emt 00:00:28]} 83... Nd8 {[%clk
00:07:52] [%emt 00:00:10]} 84. Nf3 {[%clk 00:02:36] [%emt 00:00:34]} 84... Nfe6
{[%clk 00:08:17] [%emt 00:00:06]} 85. Nd2 {[%clk 00:02:53] [%emt 00:00:13]}
85... Nf4 {[%clk 00:08:18] [%emt 00:00:29]} 86. Nb3 {[%clk 00:03:15] [%emt
00:00:08]} 86... Nfe6 {[%clk 00:08:20] [%emt 00:00:28]} 87. Kd2 {[%clk
00:02:58] [%emt 00:00:47]} 87... Nf4 {[%clk 00:08:15] [%emt 00:00:34]} 88. Kc3
{[%clk 00:03:21] [%emt 00:00:07]} 88... Nfe6 {[%clk 00:08:24] [%emt 00:00:22]}
89. Kb4 {[%clk 00:03:45] [%emt 00:00:05]} 89... Kb7 {[%clk 00:08:08] [%emt
00:00:45]} 90. Ka5 {[%clk 00:03:10] [%emt 00:01:06]} 90... Ka7 {[%clk 00:08:21]
[%emt 00:00:21]} 91. Bg6 {[%clk 00:03:23] [%emt 00:00:13]} 91... Nb7+ {[%clk
00:07:35] [%emt 00:01:15]} 92. Kb4 {[%clk 00:03:47] [%emt 00:00:07]} 92... Kb8
{[%clk 00:07:53] [%emt 00:00:12]} 93. Bf7 {[%clk 00:01:46] [%emt 00:02:31]}
93... Nbd8 {[%clk 00:08:07] [%emt 00:00:15]} 94. Bg6 {[%clk 00:01:24] [%emt
00:00:52]} 94... Kc7 {[%clk 00:07:46] [%emt 00:00:51]} 95. Ka5 {[%clk 00:01:09]
[%emt 00:00:46]} 95... Kb7 {[%clk 00:08:10] [%emt 00:00:06]} 96. Be8 {[%clk
00:01:19] [%emt 00:00:20]} 96... Ka7 {[%clk 00:08:21] [%emt 00:00:18]} 97. Kb4
{[%clk 00:01:04] [%emt 00:00:46]} 97... Kb7 {[%clk 00:08:47] [%emt 00:00:04]}
98. Bd7 {[%clk 00:01:13] [%emt 00:00:21]} 98... Kc7 {[%clk 00:08:33] [%emt
00:00:44]} 99. Be8 {[%clk 00:01:39] [%emt 00:00:04]} 99... Kb7 {[%clk 00:08:52]
[%emt 00:00:11]} 100. Kc3 {[%clk 00:02:00] [%emt 00:00:09]} 100... Kc7 {[%clk
00:09:10] [%emt 00:00:12]} 101. Nc1 {[%clk 00:01:22] [%emt 00:01:07]} 101...
Nf4 {[%clk 00:09:03] [%emt 00:00:37]} 102. Kd2 {[%clk 00:01:24] [%emt
00:00:29]} 102... Nde6 {[%clk 00:08:51] [%emt 00:00:42]} 103. Nb3 {[%clk
00:01:38] [%emt 00:00:16]} 103... Ng7 {[%clk 00:08:39] [%emt 00:00:41]} 104.
Bf7 {[%clk 00:01:51] [%emt 00:00:17]} 104... Nge6 {[%clk 00:08:41] [%emt
00:00:28]} 105. Ke3 {[%clk 00:01:47] [%emt 00:00:34]} 105... Nd8 {[%clk
00:08:32] [%emt 00:00:38]} 106. Be8 {[%clk 00:01:54] [%emt 00:00:24]} 106...
Nde6 {[%clk 00:08:44] [%emt 00:00:18]} 1/2-1/2

[Event "New Zealand Championship 2023"]
[Site "Wellington"]
[Date "2023.01.04"]
[Round "3.4"]
[White "Hague, Ben"]
[Black "Cilia Vincenti, David"]
[Result "1/2-1/2"]
[WhiteElo "2494"]
[BlackElo "2136"]

1. d4 {[%clk 01:30:57] [%emt 00:00:03]} 1... f5 {[%clk 01:30:53] [%emt
00:00:07]} 2. Nc3 {[%clk 01:31:08] [%emt 00:00:18]} 2... Nf6 {[%clk 01:31:14]
[%emt 00:00:08]} 3. Bf4 {[%clk 01:31:31] [%emt 00:00:08]} 3... e6 {[%clk
01:31:34] [%emt 00:00:11]} 4. g4 {[%clk 01:31:20] [%emt 00:00:40]} 4... fxg4
{[%clk 01:29:20] [%emt 00:02:44]} 5. h3 {[%clk 01:31:00] [%emt 00:00:50]} 5...
g3 {[%clk 01:28:03] [%emt 00:01:47]} 6. Bxg3 {[%clk 01:31:09] [%emt 00:00:21]}
6... Bb4 {[%clk 01:26:52] [%emt 00:01:42]} 7. Qd3 {[%clk 01:27:54] [%emt
00:03:44]} 7... b6 {[%clk 01:20:00] [%emt 00:07:23]} 8. Bg2 {[%clk 01:24:52]
[%emt 00:03:31]} 8... Ba6 {[%clk 01:20:08] [%emt 00:00:23]} 9. Qe3 {[%clk
01:24:10] [%emt 00:01:11]} 9... c6 {[%clk 01:16:54] [%emt 00:03:44]} 10. a3
{[%clk 01:20:49] [%emt 00:03:50]} 10... Be7 {[%clk 01:16:42] [%emt 00:00:42]}
11. Nf3 {[%clk 01:19:40] [%emt 00:01:40]} 11... O-O {[%clk 01:16:04] [%emt
00:01:08]} 12. Rg1 {[%clk 01:18:37] [%emt 00:01:33]} 12... Nd5 {[%clk 01:14:13]
[%emt 00:02:21]} 13. Nxd5 {[%clk 01:16:23] [%emt 00:02:44]} 13... cxd5 {[%clk
01:07:28] [%emt 00:07:15]} 14. Ne5 {[%clk 01:07:46] [%emt 00:09:07]} 14... Bg5
{[%clk 01:00:31] [%emt 00:07:27]} 15. f4 {[%clk 01:07:12] [%emt 00:01:04]}
15... Bf6 {[%clk 00:59:47] [%emt 00:01:14]} 16. O-O-O {[%clk 01:05:24] [%emt
00:02:19]} 16... Bxe5 {[%clk 00:57:52] [%emt 00:02:24]} 17. dxe5 {[%clk
01:01:12] [%emt 00:04:42]} 17... Nc6 {[%clk 00:57:11] [%emt 00:01:11]} 18. Qd2
{[%clk 00:59:58] [%emt 00:01:44]} 18... Na5 {[%clk 00:49:58] [%emt 00:07:44]}
19. e4 {[%clk 00:53:21] [%emt 00:07:07]} 19... Rc8 {[%clk 00:50:18] [%emt
00:00:10]} 20. Kb1 {[%clk 00:51:39] [%emt 00:02:12]} 20... Nc4 {[%clk 00:50:01]
[%emt 00:00:47]} 21. Qd4 {[%clk 00:51:03] [%emt 00:01:04]} 21... Qc7 {[%clk
00:41:19] [%emt 00:09:15]} 22. Rc1 {[%clk 00:40:03] [%emt 00:11:29]} 22... dxe4
{[%clk 00:35:40] [%emt 00:06:09]} 23. Bxe4 {[%clk 00:40:10] [%emt 00:00:23]}
23... d5 {[%clk 00:33:14] [%emt 00:02:56]} 24. exd6 {[%clk 00:28:37] [%emt
00:12:03]} 24... Qxd6 {[%clk 00:33:14] [%emt 00:00:30]} 25. Qxd6 {[%clk
00:28:50] [%emt 00:00:18]} 25... Nxd6 {[%clk 00:33:35] [%emt 00:00:09]} 26. Bf3
{[%clk 00:28:35] [%emt 00:00:44]} 26... Nf5 {[%clk 00:28:53] [%emt 00:05:13]}
27. Bf2 {[%clk 00:26:44] [%emt 00:02:21]} 27... Rc4 {[%clk 00:26:17] [%emt
00:03:06]} 28. Bg4 {[%clk 00:16:46] [%emt 00:10:28]} 28... Rxf4 {[%clk
00:24:44] [%emt 00:02:03]} 29. Be1 {[%clk 00:16:50] [%emt 00:00:26]} 29... Re4
{[%clk 00:15:44] [%emt 00:09:29]} 30. Bc3 {[%clk 00:16:48] [%emt 00:00:33]}
30... g6 {[%clk 00:15:48] [%emt 00:00:26]} 31. Rcd1 {[%clk 00:15:56] [%emt
00:01:22]} 31... Bb5 {[%clk 00:13:30] [%emt 00:02:47]} 32. Rd2 {[%clk 00:12:37]
[%emt 00:03:48]} 32... Ne3 {[%clk 00:08:43] [%emt 00:05:19]} 33. Re1 {[%clk
00:10:01] [%emt 00:03:06]} 33... Rff4 {[%clk 00:04:50] [%emt 00:04:22]} 34.
Rd8+ {[%clk 00:08:42] [%emt 00:01:49]} 34... Kf7 {[%clk 00:04:47] [%emt
00:00:32]} 35. Rh8 {[%clk 00:08:41] [%emt 00:00:31]} 35... h5 {[%clk 00:04:50]
[%emt 00:00:27]} 36. Rh7+ {[%clk 00:08:02] [%emt 00:01:10]} 36... Ke8 {[%clk
00:05:01] [%emt 00:00:19]} 37. Rh8+ {[%clk 00:06:33] [%emt 00:01:59]} 37... Kf7
{[%clk 00:05:05] [%emt 00:00:26]} 38. Rh7+ {[%clk 00:06:50] [%emt 00:00:13]}
38... Ke8 {[%clk 00:05:17] [%emt 00:00:18]} 39. Rh8+ {[%clk 00:07:16] [%emt
00:00:05]} 39... Kf7 {[%clk 00:05:06] [%emt 00:00:41]} 1/2-1/2

[Event "New Zealand Championship 2023"]
[Site "Wellington"]
[Date "2023.01.04"]
[Round "3.5"]
[White "Xing, Zerui"]
[Black "Dive, Russell J"]
[Result "0-1"]
[WhiteElo "1596"]
[BlackElo "2350"]

1. d4 {[%clk 01:27:05] [%emt 00:03:54]} 1... Nf6 {[%clk 01:30:55] [%emt
00:00:06]} 2. c4 {[%clk 01:27:31] [%emt 00:00:04]} 2... c5 {[%clk 01:31:18]
[%emt 00:00:07]} 3. d5 {[%clk 01:27:52] [%emt 00:00:08]} 3... b5 {[%clk
01:31:44] [%emt 00:00:05]} 4. Nf3 {[%clk 01:28:16] [%emt 00:00:06]} 4... d6
{[%clk 01:31:50] [%emt 00:00:24]} 5. Qc2 {[%clk 01:28:32] [%emt 00:00:14]} 5...
g6 {[%clk 01:31:56] [%emt 00:00:24]} 6. e4 {[%clk 01:28:42] [%emt 00:00:19]}
6... Bg7 {[%clk 01:32:20] [%emt 00:00:07]} 7. cxb5 {[%clk 01:28:52] [%emt
00:00:21]} 7... a6 {[%clk 01:32:34] [%emt 00:00:15]} 8. Nc3 {[%clk 01:29:16]
[%emt 00:00:06]} 8... O-O {[%clk 01:32:55] [%emt 00:00:09]} 9. Bf4 {[%clk
01:28:25] [%emt 00:01:21]} 9... Qa5 {[%clk 01:30:10] [%emt 00:03:15]} 10. Be2
{[%clk 01:27:44] [%emt 00:01:11]} 10... Nxe4 {[%clk 01:28:00] [%emt 00:02:40]}
11. Qxe4 {[%clk 01:26:31] [%emt 00:01:43]} 11... Bxc3+ {[%clk 01:28:21] [%emt
00:00:09]} 12. Bd2 {[%clk 01:25:20] [%emt 00:01:40]} 12... Bxd2+ {[%clk
01:28:35] [%emt 00:00:16]} 13. Nxd2 {[%clk 01:25:44] [%emt 00:00:06]} 13...
axb5 {[%clk 01:25:25] [%emt 00:03:40]} 14. Qxe7 {[%clk 01:24:49] [%emt
00:01:26]} 14... Bf5 {[%clk 01:22:23] [%emt 00:03:32]} 15. g4 {[%clk 01:24:13]
[%emt 00:01:06]} 15... Bd7 {[%clk 01:22:14] [%emt 00:00:38]} 16. Qxd6 {[%clk
01:21:08] [%emt 00:03:36]} 16... Re8 {[%clk 01:20:36] [%emt 00:02:09]} 17. f3
{[%clk 01:21:04] [%emt 00:00:34]} 17... Qb4 {[%clk 01:19:34] [%emt 00:01:32]}
18. Rd1 {[%clk 01:19:53] [%emt 00:01:42]} 18... Rxa2 {[%clk 00:55:08] [%emt
00:24:55]} 19. h4 {[%clk 01:16:59] [%emt 00:03:23]} 19... Rxb2 {[%clk 00:38:51]
[%emt 00:16:47]} 20. h5 {[%clk 01:16:47] [%emt 00:00:43]} 20... Qc3 {[%clk
00:36:24] [%emt 00:02:57]} 21. hxg6 {[%clk 01:15:16] [%emt 00:02:01]} 21...
hxg6 {[%clk 00:33:44] [%emt 00:03:10]} 22. Qh2 {[%clk 01:13:57] [%emt
00:01:50]} 22... b4 {[%clk 00:30:25] [%emt 00:03:48]} 23. Kf1 {[%clk 01:13:03]
[%emt 00:01:23]} 23... Qg7 {[%clk 00:16:36] [%emt 00:14:19]} 24. Ne4 {[%clk
01:11:30] [%emt 00:02:03]} 24... Ba4 {[%clk 00:14:16] [%emt 00:02:51]} 25. Qd6
{[%clk 01:10:39] [%emt 00:01:21]} 25... Nd7 {[%clk 00:12:06] [%emt 00:02:39]}
26. Ra1 {[%clk 01:05:03] [%emt 00:06:06]} 26... Rxe2 {[%clk 00:06:40] [%emt
00:05:56]} 27. Kxe2 {[%clk 01:05:02] [%emt 00:00:32]} 27... Qb2+ {[%clk
00:01:55] [%emt 00:05:15]} 28. Ke3 {[%clk 01:05:16] [%emt 00:00:15]} 28... Qd4+
{[%clk 00:02:17] [%emt 00:00:08]} 29. Kf4 {[%clk 01:05:35] [%emt 00:00:12]}
29... Rxe4+ {[%clk 00:02:38] [%emt 00:00:10]} 30. fxe4 {[%clk 01:05:33] [%emt
00:00:32]} 30... Qd2+ {[%clk 00:00:38] [%emt 00:02:30]} 31. Kg3 {[%clk
01:05:23] [%emt 00:00:40]} 31... Qe3+ {[%clk 00:00:44] [%emt 00:00:23]} 32. Kh2
{[%clk 01:05:00] [%emt 00:00:53]} 32... Qf2+ {[%clk 00:00:36] [%emt 00:00:38]}
33. Kh3 {[%clk 01:05:12] [%emt 00:00:18]} 33... Qe3+ {[%clk 00:00:34] [%emt
00:00:32]} 34. Qg3 {[%clk 01:05:28] [%emt 00:00:15]} 34... Qxe4 {[%clk
00:00:38] [%emt 00:00:26]} 35. Rhe1 {[%clk 01:05:02] [%emt 00:00:56]} 35... Qc2
{[%clk 00:00:43] [%emt 00:00:25]} 36. Rec1 {[%clk 01:04:13] [%emt 00:01:19]}
36... Qd2 {[%clk 00:00:49] [%emt 00:00:24]} 37. Rf1 {[%clk 01:03:27] [%emt
00:01:15]} 37... Bb5 {[%clk 00:00:36] [%emt 00:00:44]} 38. Rf2 {[%clk 01:03:28]
[%emt 00:00:29]} 38... Qxd5 {[%clk 00:00:55] [%emt 00:00:12]} 39. Qf4 {[%clk
01:02:34] [%emt 00:01:22]} 39... Ne5 {[%clk 00:00:45] [%emt 00:00:40]} 40. Qf6
{[%clk 01:27:22] [%emt 00:05:42]} 40... Bd7 {[%clk 00:30:35] [%emt 00:00:40]}
41. Rd2 {[%clk 01:25:10] [%emt 00:02:43]} 41... Qb3+ {[%clk 00:23:17] [%emt
00:07:47]} 42. Kg2 {[%clk 01:24:19] [%emt 00:01:21]} 42... Bc6+ {[%clk
00:23:21] [%emt 00:00:26]} 43. Kf1 {[%clk 01:24:08] [%emt 00:00:41]} 43... Qh3+
{[%clk 00:22:34] [%emt 00:01:18]} 44. Ke2 {[%clk 01:21:53] [%emt 00:02:44]}
44... Bf3+ {[%clk 00:20:07] [%emt 00:02:57]} 45. Ke1 {[%clk 01:22:14] [%emt
00:00:09]} 45... Qh1+ {[%clk 00:20:23] [%emt 00:00:13]} 46. Kf2 {[%clk
01:22:40] [%emt 00:00:04]} 46... Qg2+ {[%clk 00:20:06] [%emt 00:00:47]} 47. Ke3
{[%clk 01:23:04] [%emt 00:00:06]} 47... Nxg4+ {[%emt 00:00:10]} 48. Kd3 {[%clk
01:23:15] [%emt 00:00:18]} 48... Qxd2+ {[%clk 00:18:25] [%emt 00:02:32]} 49.
Kxd2 {[%clk 01:23:39] [%emt 00:00:06]} 49... Nxf6 {[%clk 00:18:32] [%emt
00:00:23]} 50. Rf1 {[%clk 01:24:04] [%emt 00:00:05]} 50... Ne4+ {[%clk
00:18:04] [%emt 00:00:58]} 51. Ke3 {[%clk 01:24:25] [%emt 00:00:09]} 51... Ng5
{[%clk 00:18:22] [%emt 00:00:12]} 52. Rc1 {[%clk 01:24:35] [%emt 00:00:20]}
52... Be4 {[%clk 00:10:35] [%emt 00:08:16]} 53. Rxc5 {[%clk 01:24:59] [%emt
00:00:07]} 53... b3 {[%clk 00:10:58] [%emt 00:00:11]} 54. Rxg5 {[%clk 01:25:16]
[%emt 00:00:09]} 54... b2 {[%clk 00:11:19] [%emt 00:00:10]} 55. Rb5 {[%clk
01:25:44] [%emt 00:00:02]} 55... b1=Q {[%clk 00:11:40] [%emt 00:00:09]} 56.
Rxb1 {[%clk 01:26:10] [%emt 00:00:03]} 56... Bxb1 {[%clk 00:12:02] [%emt
00:00:09]} 57. Kf3 {[%clk 01:26:37] [%emt 00:00:03]} 57... Kg7 {[%clk 00:12:21]
[%emt 00:00:11]} 58. Kg2 {[%clk 01:27:05] [%emt 00:00:02]} 58... Kf6 {[%clk
00:12:41] [%emt 00:00:10]} 59. Kg1 {[%clk 01:27:32] [%emt 00:00:02]} 59... Kg5
{[%emt 00:00:09]} 60. Kf1 {[%clk 01:27:59] [%emt 00:00:02]} 60... Kf4 {[%clk
00:13:26] [%emt 00:00:07]} 61. Kg1 {[%clk 01:28:27] [%emt 00:00:03]} 61... Kg3
{[%clk 00:13:46] [%emt 00:00:10]} 62. Kf1 {[%clk 01:28:54] [%emt 00:00:03]}
62... Kh2 {[%clk 00:14:00] [%emt 00:00:16]} 63. Kf2 {[%clk 01:29:20] [%emt
00:00:06]} 63... g5 {[%clk 00:14:15] [%emt 00:00:14]} 64. Kf1 {[%clk 01:29:48]
[%emt 00:00:03]} 64... f5 {[%clk 00:14:36] [%emt 00:00:08]} 65. Kf2 {[%clk
01:30:11] [%emt 00:00:06]} 65... g4 {[%clk 00:14:54] [%emt 00:00:12]} 66. Kf1
{[%clk 01:30:39] [%emt 00:00:03]} 66... g3 {[%clk 00:15:17] [%emt 00:00:09]}
67. Ke2 {[%clk 01:31:07]} 67... g2 {[%clk 00:15:36] [%emt 00:00:10]} 68. Kd2
{[%clk 01:31:34] [%emt 00:00:03]} 68... g1=Q {[%clk 00:15:57] [%emt 00:00:09]}
69. Kc3 {[%clk 01:32:02] [%emt 00:00:03]} 69... Qe3+ {[%clk 00:16:12] [%emt
00:00:15]} 70. Kb2 {[%clk 01:32:30] [%emt 00:00:03]} 70... Be4 {[%clk 00:16:27]
[%emt 00:00:14]} 71. Ka1 {[%clk 01:32:57] [%emt 00:00:03]} 71... Qa3# {[%clk
00:16:43] [%emt 00:00:14]} 0-1